Από την ομάδα Waite Πλήρες εγχειρίδιο της C++
Αποθηκεύτηκε σε:
| Κύριος συγγραφέας: | |
|---|---|
| Συγγραφή απο Οργανισμό/Αρχή: | |
| Άλλοι συγγραφείς: | |
| Μορφή: | Βιβλίο |
| Γλώσσα: | Greek English |
| Δημοσίευση: |
Αθήνα :
Μ. Γκιούρδας,
1992.
|
| Θέματα: | |
| Ετικέτες: |
Προσθήκη ετικέτας
Δεν υπάρχουν, Καταχωρήστε ετικέτα πρώτοι!
|
MARC
| LEADER | 00000cam a2200000 i 4500 | ||
|---|---|---|---|
| 001 | 1/65128 | ||
| 008 | 980819s1992 gr | ||| |||| ||gre|| | ||
| 020 | |a 0672226197 | ||
| 035 | |l 10029568 | ||
| 040 | |a GR-MyUa |b gre |e AACR2 | ||
| 041 | 1 | |a gre |h eng | |
| 082 | 7 | |a 005.133 |2 (22) | |
| 100 | 1 | |a Berry, John Thomas, |d 1947- | |
| 245 | 1 | 0 | |a Από την ομάδα Waite Πλήρες εγχειρίδιο της C++ / |c John Thomas Berry ; μετ.: Σοφία Πρεντουλή. |
| 260 | |a Αθήνα : |b Μ. Γκιούρδας, |c 1992. | ||
| 300 | |a χωι, 383 σ. ; |c 24 εκ. | ||
| 500 | |a Μετάφραση του: The Waite Group's C++ Programming. | ||
| 500 | |a Περιλαμβάνει ευρετήριο. | ||
| 650 | 0 | |a C++ (Computer program language) | |
| 700 | 1 | |a Πρεντουλή, Σοφία, |e trlf | |
| 710 | 2 | |a Waite Group. | |
| 852 | |a INST |b CHIOS |e 19980819 |h 005.133 BER |p 005200015844 |q 005200015844 |t BK |y 0 | ||
| 901 | |a BIBL-1998-2 | ||
| 922 | |a 2ΕΛΗ |b 199807 |c ΒΑΛΙΡΗΣ |d EMVASIS | ||